000 00509nam a2200181 i 4500
001 76092
003 ES-MaACL
005 20230906172721.0
007 t|
008 040929s1972 sp ||||1| spa d
100 1 _aGreen, Julien.
_959843
245 1 3 _aEl otro /
_cpor Julien Green ; [traducción de Ramón Planes].
250 _a[1ª ed.].
260 _a[Barcelona] :
_bPlaza & Janés,
_c[1972]
300 _a311 p. ;
_c20 cm.
700 1 _aPlanes, Ramón.
_992557
852 _aES-MaACL
_jC-50059
_bR.83876
999 _c76092
_d76092